Экспериментальное исследование характеристик параметрического (квазтчеренковского) рентгеновского излучения электронов в монокристалле алмаза: диссертация на соискание ученой степени кандидата физико-математических наук; спец. 01.04.16

Podrobná bibliografie
Hlavní autor: Пак Сен-Де
Korporace: Ташкентский государственный университет, Томский политехнический институт (ТПИ) Научно-исследовательский институт ядерной физики (НИИ ЯФ)
Další autoři: Воробьёв С. А. (научный руководитель), Бабаджанов Р. Д.
Jazyk:ruština
Vydáno: Томск, [Б. и.], 1987
Témata:
Médium: MixedMaterials Kniha
KOHA link:https://koha.lib.tpu.ru/cgi-bin/koha/opac-detail.pl?biblionumber=227845

MARC

LEADER 00000nbm0a2200000 4500
001 227845
005 20231101230828.0
035 |a (RuTPU)RU\TPU\book\248292 
090 |a 227845 
100 |a 20121211d1987 k y0rusy50 ca 
101 0 |a rus 
102 |a RU 
105 |a a m 001zy 
200 1 |a Экспериментальное исследование характеристик параметрического (квазтчеренковского) рентгеновского излучения электронов в монокристалле алмаза  |e диссертация на соискание ученой степени кандидата физико-математических наук  |e спец. 01.04.16  |f Пак Сен-Де  |g Ташкентский государственный университет ; Томский политехнический институт (ТПИ), Научно-исследовательский институт ядерной физики (НИИ ЯФ) ; науч. рук. С. А. Воробьёв, Р. Д. Бабаджанов 
210 |a Томск  |c [Б. и.]  |d 1987 
215 |a 109 л.  |c ил. 
320 |a Библиогр.: с. 99-109 (97 назв.). 
606 1 |a Монокристаллы  |x Действие ионизирующих излучений  |2 stltpush  |3 (RuTPU)RU\TPU\subj\44381  |9 63724 
610 1 |a алмаз 
610 1 |a алмазные монокристаллы 
610 1 |a электроны 
610 1 |a параметрическое излучение 
610 1 |a спектральные характеристики 
610 1 |a ориентационные эффекты 
610 1 |a фотоны 
610 1 |a выход 
610 1 |a энергетическая зависимость 
610 1 |a угловое распределение 
610 1 |a диссертации 
675 |a 548.55(04)  |v 3 
686 |a 01.04.16  |2 oksvnk 
700 0 |a Пак Сен-Де 
702 1 |a Воробьёв  |b С. А.  |4 727 
702 1 |a Бабаджанов  |b Р. Д.  |4 727 
712 0 2 |a Ташкентский государственный университет  |2 stltpush  |3 (RuTPU)RU\TPU\col\10690  |9 24904 
712 0 2 |a Томский политехнический институт (ТПИ)  |b Научно-исследовательский институт ядерной физики (НИИ ЯФ)  |c (1975-1998)  |2 stltpush  |3 (RuTPU)RU\TPU\col\11922 
801 1 |a RU  |b 63413507  |c 20121211 
801 2 |a RU  |b 63413507  |c 20200909  |g RCR 
942 |c BK